Potravinárstvo nie je ohrozené

Slovenský potravinársky sektor prišiel do EÚ s 50 bitúnkami, s takmer 60 podnikmi, ktoré spracúvajú hotové mäsové výrobky, a s 30 veľkými mliekarňami. Normy splnilo 30 hydinární.

Salvato in:
Dettagli Bibliografici
Natura: Capitolo di libro
Lingua:slovacco
Soggetti:
Tags: Aggiungi Tag
Nessun Tag, puoi essere il primo ad aggiungerne!!

MARC

LEADER 00000naa$a2200000$$$4500
001 0010210
005 20231107125130.7
041 0 |a slo 
044 |a SK 
245 1 0 |a Potravinárstvo nie je ohrozené 
520 |a Slovenský potravinársky sektor prišiel do EÚ s 50 bitúnkami, s takmer 60 podnikmi, ktoré spracúvajú hotové mäsové výrobky, a s 30 veľkými mliekarňami. Normy splnilo 30 hydinární. 
610 2 0 |a potravinárstvo 
610 2 0 |a bezpečnosť potravinová 
610 2 0 |a Slovensko 
610 2 0 |a Európska únia